[Event "Titled Tue 3rd Jan Late"]
[Site "chess.com INT"]
[Date "2025.06.03"]
[Round "4"]
[White "Askarov, Bakhtiyar"]
[Black "Erdogan, Anil Berk"]
[Result "1-0"]
[WhiteTitle "IM"]
[BlackTitle "CM"]
[WhiteElo "2300"]
[BlackElo "2091"]
[WhiteFideId "13701100"]
[BlackFideId "6348173"]
[EventDate "2025.06.03"]

1. d4 Nf6 2. Nc3 e6 3. Nf3 c5 4. e3 a6 5. a4 Qc7 6. Be2 Be7 7. O-O O-O 8. e4
cxd4 9. Nxd4 Nc6 10. Be3 Nxd4 11. Qxd4 d6 12. a5 Bd7 13. f3 Bc6 14. Qd2 d5 15.
Bb6 Qb8 16. exd5 Nxd5 17. Nxd5 Bxd5 18. c4 Bc6 19. Qe3 Bf6 20. Rab1 Qe5 21. Qxe5
Bxe5 22. b4 Rfc8 23. Rfd1 Bc7 24. Kf2 Bxb6+ 25. axb6 Rd8 26. Ke3 Kf8 27. h4 Ke7
28. Ra1 Rxd1 29. Rxd1 Rd8 30. Ra1 e5 31. Bd3 h6 32. Ra5 Ke6 33. g3 f5 34. f4 e4
35. Be2 Kf6 36. Rc5 Rd6 37. Re5 Re6 38. Kd4 Rd6+ 39. Ke3 Re6 40. Rxe6+ Kxe6 41.
Kd4 Kd6 42. c5+ Ke6 43. Bc4+ Kf6 44. Bd5 Bxd5 45. Kxd5 e3 46. c6 bxc6+ 47. Kxc6
e2 48. b7 e1=Q 49. b8=Q Qe4+ 50. Kc5 Qe3+ 51. Kc6 Qc3+ 52. Kd7 Qc4 53. Qd6+ Kf7
54. Qc5 Qe6+ 55. Kc7 Kg6 56. Qb6 Kf6 57. Qxe6+ Kxe6 58. Kb6 a5 59. bxa5 Kd5 60.
a6 Ke4 61. a7 Kf3 62. a8=Q+ Kxg3 63. Qg8 Kxf4 64. Qxg7 h5 65. Qg5+ Kf3 66. Qxf5+
Kg3 67. Qxh5 Kh2 68. Qg4 Kh1 69. h5 Kh2 70. h6 Kh1 71. h7 Kh2 72. h8=Q# 1-0

[Event "Titled Tue 3rd Jan Late"]
[Site "chess.com INT"]
[Date "2025.06.03"]
[Round "4"]
[White "Garzon Zapatanga, Christopher Leonel"]
[Black "Dovgaliuk, Oleksandr"]
[Result "1/2-1/2"]
[WhiteTitle "FM"]
[WhiteElo "2168"]
[BlackElo "2240"]
[WhiteFideId "3634787"]
[BlackFideId "14167247"]
[EventDate "2025.06.03"]

1. b3 h6 2. Bb2 d5 3. Nf3 Bf5 4. e3 e6 5. c4 c6 6. Be2 Nf6 7. O-O Be7 8. Nc3 O-O
9. d3 Nbd7 10. a3 a5 11. Re1 Qc7 12. Bf1 Rfd8 13. cxd5 exd5 14. Rc1 Nf8 15. Qc2
Ne6 16. Nb5 Qb8 17. Nbd4 Nxd4 18. Nxd4 Bg6 19. g3 Nd7 20. Ne2 Bf6 21. Bxf6 Nxf6
22. Nf4 Bf5 23. Bg2 Qe5 24. Qc5 g5 25. e4 gxf4 26. d4 Qe6 27. exf5 Qxf5 28. Re5
Qg6 29. Rce1 fxg3 30. hxg3 Re8 31. Bf3 Rxe5 32. dxe5 Re8 33. Qxa5 Qf5 34. Re3
Rxe5 35. Rxe5 Qxe5 36. Qa8+ Kg7 37. Qxb7 Qa1+ 38. Kg2 Qxa3 39. b4 Qc3 40. b5
cxb5 41. Qxb5 d4 42. Be2 Qd2 43. Bd3 Qg5 44. Qc4 Qd5+ 45. Qxd5 Nxd5 46. Kf3 Nc3
47. Kf4 Kf6 48. f3 Ke6 49. Bc4+ Kf6 50. Bd3 h5 51. Bc4 Kg6 52. Ke5 f6+ 53. Kxd4
Na4 54. Bd3+ Kg5 55. Ke4 Kh6 56. Kf5 Nc5 57. Be2 Kg7 58. f4 h4 59. gxh4 Nd7 60.
Bg4 Nc5 61. h5 Nb7 62. Bf3 Nd6+ 63. Ke6 Nc4 64. Be4 Ne3 65. h6+ Kxh6 66. Kxf6
Kh5 67. f5 Nxf5 1/2-1/2

[Event "Titled Tue 3rd Jan Late"]
[Site "chess.com INT"]
[Date "2025.06.03"]
[Round "4"]
[White "Rustamov, Rustam"]
[Black "Ozkan, Taha"]
[Result "1/2-1/2"]
[WhiteTitle "FM"]
[BlackTitle "FM"]
[WhiteElo "2323"]
[BlackElo "2247"]
[WhiteFideId "13440110"]
[BlackFideId "34577173"]
[EventDate "2025.06.03"]

1. e4 c5 2. Nf3 e6 3. d4 cxd4 4. Nxd4 Qb6 5. Nb3 Qc7 6. Bd3 Nf6 7. O-O a6 8. c4
d6 9. Nc3 Nbd7 10. Re1 Be7 11. Be3 b6 12. Rc1 Bb7 13. Nd4 O-O 14. b3 Rac8 15. f3
Qb8 16. Qd2 Rfd8 17. Bb1 d5 18. cxd5 exd5 19. exd5 Ba3 20. Rcd1 Bb4 21. Nde2
Nxd5 22. Bd4 Nxc3 23. Bxc3 Nf6 24. Qb2 Rxd1 25. Rxd1 Bxc3 26. Nxc3 b5 27. Ne2
Re8 28. Ng3 h5 29. Qf2 Qf4 30. Nf5 Bc6 31. Qg3 Qxg3 32. hxg3 g6 33. Rd6 Re1+ 34.
Kh2 Bd7 35. Rxf6 Rxb1 36. Nh6+ Kg7 37. Rxf7+ Kxh6 38. Rxd7 Rb2 39. f4 Rxa2 40.
b4 Ra4 41. Rd6 Kg7 42. Kh3 Rxb4 43. Kh4 Rb1 44. Kg5 a5 45. Rxg6+ Kf7 46. Ra6 a4
47. Ra7+ Ke8 48. f5 Rb3 49. g4 hxg4 50. f6 Rb2 51. g3 Rf2 52. Ra5 Rb2 53. Kxg4
Rb4+ 54. Kf5 Rb3 55. g4 a3 56. g5 b4 57. Ra8+ Kd7 58. f7 Rf3+ 59. Kg6 Ke7 60.
Re8+ Kd7 61. Ra8 Ke6 62. Re8+ Kd7 63. Ra8 1/2-1/2

[Event "Titled Tue 3rd Jan Late"]
[Site "chess.com INT"]
[Date "2025.06.03"]
[Round "4"]
[White "Gustafsson, Jan"]
[Black "Garcia, Jhoel"]
[Result "1/2-1/2"]
[WhiteTitle "GM"]
[BlackTitle "IM"]
[WhiteElo "2591"]
[BlackElo "2304"]
[WhiteFideId "4625498"]
[BlackFideId "3801110"]
[EventDate "2025.06.03"]

1. c4 e6 2. Nc3 Nf6 3. e4 d6 4. d4 Be7 5. Nf3 Nbd7 6. Be2 e5 7. O-O O-O 8. Qc2
c6 9. Rd1 Qc7 10. h3 a5 11. Bg5 h6 12. Bh4 exd4 13. Nxd4 Ne5 14. Rac1 Qb6 15.
Na4 Qa7 16. Kh1 Bd7 17. Nf5 Bxf5 18. exf5 Ned7 19. Bg3 Nc5 20. Nc3 Rad8 21. Bf3
Rfe8 22. Rd2 Bf8 23. Rcd1 a4 24. b4 axb3 25. axb3 Qa5 26. Rb1 Na6 27. Na2 Nb4
28. Qc3 d5 29. Bh4 d4 30. Qb2 Nxa2 31. Qxa2 Bb4 32. Qxa5 Bxa5 33. b4 Bc7 34. c5
Bf4 35. Rd3 Bg5 36. Bg3 Ne4 37. Bxe4 Rxe4 38. b5 Rd5 39. Bd6 Be7 40. bxc6 bxc6
41. Rb8+ Kh7 42. Bxe7 Rxe7 43. Rc8 Rxc5 44. Rxd4 Rxf5 45. f3 c5 46. Rc4 Ree5 47.
h4 h5 48. Kh2 Rd5 49. Rc6 g6 50. Kg3 Rfe5 51. Ra4 Kg7 52. Ra7 Re2 53. Rcc7 Rf5
54. Ra5 Rc2 55. Ra6 Rf6 56. Raa7 Rf5 57. Ra6 c4 58. Rac6 Rd5 59. Rxc4 Rxc4 60.
Rxc4 Rd6 61. Kf4 Rf6+ 62. Ke4 Re6+ 63. Kf4 Rf6+ 64. Kg3 Re6 65. f4 Re3+ 66. Kf2
Re6 67. Kf3 f5 68. Rc3 Rd6 69. Re3 Kf6 70. Ra3 Re6 71. Re3 Rd6 72. Ke2 Rd4 73.
g3 Ra4 74. Rb3 Ra6 75. Kd3 Re6 76. Kd4 Rd6+ 77. Kc5 Re6 78. Rb6 Rxb6 79. Kxb6
Kf7 80. Kb7 Kf6 81. Kb6 Kf7 82. Kc5 Ke7 83. Kd5 Kd7 84. Ke5 Ke7 85. Kd5 Kd7 86.
Kc5 Kc7 87. Kd5 Kd7 1/2-1/2

[Event "Titled Tue 3rd Jan Late"]
[Site "chess.com INT"]
[Date "2025.06.03"]
[Round "4"]
[White "Radchenko, Alexey"]
[Black "Toktomushev, Teimur"]
[Result "0-1"]
[WhiteTitle "FM"]
[BlackTitle "FM"]
[WhiteElo "2293"]
[BlackElo "2398"]
[WhiteFideId "4192362"]
[BlackFideId "14176726"]
[EventDate "2025.06.03"]

1. d4 d5 2. Nf3 Nf6 3. e3 c5 4. c4 cxd4 5. Nxd4 e5 6. Nf3 Nc6 7. cxd5 Qxd5 8.
Qxd5 Nxd5 9. a3 f6 10. Bc4 Be6 11. O-O Rc8 12. Nbd2 Kf7 13. b4 Be7 14. Bb2 Rhd8
15. Rfd1 a6 16. Rac1 Na7 17. Bb3 Nb5 18. Ne4 Rxc1 19. Rxc1 h6 20. h3 Nb6 21. Bd1
Nc4 22. Bc3 Nxc3 23. Nxc3 Nxa3 24. Be2 Bxb4 25. Ne4 Be7 26. Rc7 Rd7 27. Rc3 b5
28. g4 b4 29. Rc6 b3 30. Rb6 a5 31. Kg2 a4 32. Ba6 Bc4 33. Bc8 Rc7 34. Bf5 Bd5
35. Ng3 Rb7 36. Ra6 b2 37. Rxa4 b1=Q 38. Bxb1 Nxb1 39. e4 Be6 40. Nh4 Nc3 41.
Ra6 Rb4 42. Nhf5 Bxf5 43. Nxf5 Rb7 44. f3 Bf8 45. Kg3 Nb5 46. h4 Nd4 47. Ne3 Rb3
48. Ra7+ Kg8 49. Nd5 Rxf3+ 50. Kg2 Rb3 51. Ra8 Kf7 52. h5 Ne6 53. Ra7+ Kg8 54.
Kf2 Rb2+ 55. Kf3 Rb3+ 56. Kf2 Bc5+ 57. Ke2 Bxa7 58. Ne7+ Kf7 59. Nc6 Nf4+ 60.
Kd2 Bd4 61. Kc2 Rb2+ 62. Kc1 Rg2 63. Nd8+ Ke7 64. Ne6 Kxe6 65. Kd1 Rxg4 66. Ke1
Rg2 67. Kd1 Kd6 68. Kc1 Kc5 69. Kb1 Kc4 70. Kc1 Kc3 71. Kd1 Rg1# 0-1

[Event "Titled Tue 3rd Jan Late"]
[Site "chess.com INT"]
[Date "2025.06.03"]
[Round "4"]
[White "Gerbelli Neto, Eduardo"]
[Black "Arya G Mallar"]
[Result "0-1"]
[BlackTitle "WCM"]
[WhiteElo "2114"]
[BlackElo "2014"]
[WhiteFideId "2103281"]
[BlackFideId "25115324"]
[EventDate "2025.06.03"]

1. e4 c5 2. Nc3 g6 3. f4 Bg7 4. Nf3 Nc6 5. Bc4 e6 6. f5 gxf5 7. d3 Nge7 8. O-O
O-O 9. Bg5 Qa5 10. Qe1 a6 11. Qh4 Ng6 12. Qh5 fxe4 13. dxe4 Qb4 14. Bd3 Qxb2 15.
Ne2 Nb4 16. Rfb1 Qa3 17. Bc1 Qa5 18. Ng5 h6 19. Nf3 Nxd3 20. cxd3 Kh7 21. Bd2
Qd8 22. Ng5+ Kg8 23. Nf3 b5 24. Bxh6 Bb7 25. Ng5 Qf6 26. Rf1 Qb2 27. Rab1 Qe5
28. Rf3 Bxh6 29. Qxh6 Qg7 30. Qh5 Qh8 31. Qg4 Qh4 32. Qxh4 Nxh4 33. Rh3 Ng6 34.
Rf1 d5 35. Nh7 Kg7 36. Nxf8 Rxf8 37. exd5 Bxd5 38. a3 c4 39. dxc4 Bxc4 40. Rf2
Rd8 41. g4 Bxe2 42. Rxe2 Nf4 43. Rhe3 Nxe2+ 44. Rxe2 Rd3 45. Ra2 Rd1+ 46. Kg2
Rd4 47. h3 Ra4 48. Kf3 b4 49. Rb2 Rxa3+ 50. Ke4 b3 51. h4 a5 52. Kd4 a4 53. Kc3
Ra2 54. Rb1 Kg6 55. Rf1 Rg2 56. g5 Rh2 57. Rf6+ Kg7 58. Rf4 b2 59. Rb4 a3 60.
Rb3 a2 61. Rxb2 a1=Q 62. h5 Qxb2+ 63. Kc4 Rh4+ 64. Kc5 Qb4+ 65. Kc6 Rc4+ 66. Kd7
Qb7+ 67. Kd6 Qc6+ 68. Ke5 Qd5# 0-1

[Event "Titled Tue 3rd Jan Late"]
[Site "chess.com INT"]
[Date "2025.06.03"]
[Round "4"]
[White "Materia, Marco"]
[Black "Pranav, V"]
[Result "0-1"]
[WhiteTitle "IM"]
[BlackTitle "GM"]
[WhiteElo "2489"]
[BlackElo "2621"]
[WhiteFideId "45150451"]
[BlackFideId "25060783"]
[EventDate "2025.06.03"]

1. Nf3 Nf6 2. c4 e6 3. b3 a6 4. Bb2 b5 5. e3 bxc4 6. bxc4 Bb7 7. Nc3 Be7 8. Be2
O-O 9. O-O d6 10. d4 Nbd7 11. Rb1 Rb8 12. Ba1 c5 13. d5 exd5 14. cxd5 Re8 15. e4
Bf8 16. Nd2 Qc7 17. f3 Ne5 18. f4 Ng6 19. Kh1 Bc8 20. Rxb8 Qxb8 21. Qc2 Bg4 22.
Bxa6 h5 23. Bb5 Bd7 24. a4 Qc8 25. Nc4 h4 26. Nb6 Bxb5 27. axb5 Qg4 28. h3 Qg3
29. Ne2 Qa3 30. Nc4 Qa8 31. Bxf6 gxf6 32. b6 Qb7 33. Rb1 Rb8 34. Ra1 Qd7 35. Qb3
Qe8 36. Qd3 Qb5 37. Rb1 Qa6 38. Ne5 Rxb6 39. Qxa6 Rxa6 40. Nxg6 fxg6 41. f5 gxf5
42. exf5 Bh6 43. Rb8+ Kf7 44. Rb7+ Ke8 45. Rh7 Bg5 46. Kg1 Be3+ 47. Kh2 Ra2 48.
Ng1 Bf4+ 49. Kh1 Bg3 50. Rh8+ Kd7 51. Rh7+ Kc8 52. Rf7 Be5 53. Re7 Ra1 54. Re8+
Kd7 55. Rh8 Bd4 56. Rh7+ Kc8 57. Rh8+ Kc7 58. Rh7+ Kb6 59. Rxh4 Bxg1 60. Re4
Bd4+ 61. Kh2 Be5+ 62. g3 Ra2+ 63. Kg1 Bxg3 64. h4 Ra8 65. Kg2 Be5 66. Rg4 Kb5
67. h5 c4 68. h6 Rh8 69. Rh4 c3 0-1

[Event "Titled Tue 3rd Jan Late"]
[Site "chess.com INT"]
[Date "2025.06.03"]
[Round "4"]
[White "Munoz Ramos, Christopher"]
[Black "Raptis, Nick"]
[Result "1-0"]
[WhiteTitle "FM"]
[BlackTitle "FM"]
[WhiteElo "2133"]
[BlackElo "2220"]
[WhiteFideId "3439615"]
[BlackFideId "2016850"]
[EventDate "2025.06.03"]

1. d4 Nf6 2. c4 g6 3. g3 Bg7 4. Bg2 O-O 5. Nc3 d6 6. Nf3 Nc6 7. O-O Bg4 8. h3
Bxf3 9. Bxf3 Nd7 10. e3 e5 11. d5 Na5 12. Qe2 Nb6 13. Bg2 Naxc4 14. b3 e4 15.
Qc2 Ne5 16. Bxe4 f5 17. Bg2 h5 18. Bb2 h4 19. Nb5 hxg3 20. fxg3 Rf7 21. Nd4 Qg5
22. Kh2 Qxe3 23. Ne6 Bf6 24. Rae1 Qh6 25. Bc1 Qh5 26. Kg1 Re8 27. Re2 c5 28. Bf4
c4 29. bxc4 Nbxc4 30. Rfe1 b5 31. Qb3 a6 32. a4 Rb7 33. Nd4 Rc8 34. axb5 axb5
35. Nc6 Ra8 36. Nxe5 Nxe5 37. Bxe5 Bxe5 38. Rxe5 dxe5 39. d6+ Kg7 40. Bxb7 Rb8
41. Bg2 f4 42. gxf4 exf4 43. d7 Rd8 44. Qe6 Qc5+ 45. Kh1 Kh6 46. Qg4 Qd4 47. Rd1
Qf6 48. Re1 b4 49. Re6 Qf7 50. Qh4+ Kg7 51. Re7 Rxd7 52. Rxf7+ Rxf7 53. Bd5 Rd7
54. Bb3 Rd3 55. Bc4 Rc3 56. Qxf4 Kh7 57. Qf7+ Kh6 58. Qf8+ Kg5 59. Qxb4 Rc1+ 60.
Kg2 Rd1 61. Be2 Rd5 62. Qg4+ Kf6 63. Qf4+ Rf5 64. Qd4+ Kg5 65. Bd3 Ra5 66. Qe3+
Kf6 67. Qd4+ Re5 68. Bxg6 Ke6 69. Bf7+ Kf6 70. Ba2 Kg5 71. Qxe5+ Kh4 72. Qf4+
Kh5 73. Qg4+ Kh6 74. h4 Kh7 75. Qg5 Kh8 76. Qg8# 1-0

[Event "Titled Tue 3rd Jan Late"]
[Site "chess.com INT"]
[Date "2025.06.03"]
[Round "4"]
[White "Ambartsumova, Karina"]
[Black "Danila, Tudor-Gabriel"]
[Result "0-1"]
[WhiteTitle "IM"]
[BlackTitle "CM"]
[WhiteElo "2403"]
[BlackElo "2178"]
[WhiteFideId "4166299"]
[BlackFideId "1274244"]
[EventDate "2025.06.03"]

1. Nf3 Nf6 2. c4 e6 3. Nc3 c5 4. d4 cxd4 5. Nxd4 d5 6. cxd5 Nxd5 7. e4 Nxc3 8.
bxc3 a6 9. Be2 Bc5 10. O-O O-O 11. e5 Qc7 12. Bf4 Nd7 13. Nf3 f6 14. Bd3 fxe5
15. Bg3 b5 16. Qe2 Bb7 17. Ng5 Kh8 18. Nxh7 Qc6 19. Be4 Qxe4 20. Qxe4 Bxe4 21.
Nxf8 Rxf8 22. Rad1 Bd5 23. Rd2 e4 24. Re1 Nb6 25. Rde2 Nc4 26. h3 a5 27. Kh2 a4
28. Rb1 Na3 29. Rd1 Bc4 30. Rxe4 Bxa2 31. Be5 Bd5 32. Rg4 Rf7 33. f3 Nc4 34. Bf4
a3 35. Ra1 Ra7 36. h4 a2 37. Bc1 Na5 38. c4 Bxc4 39. Bb2 Bd6+ 40. Kh3 e5 41. Rd1
Be7 42. Bxe5 Be6 43. Bxg7+ Kg8 44. Ba1+ Bxg4+ 45. Kxg4 Kf7 46. h5 Nb3 47. Bb2
a1=Q 48. Bxa1 Nxa1 49. Rd5 Nc2 50. Rxb5 Ne3+ 51. Kh3 Ra6 52. Re5 Re6 53. Rb5 Nd1
54. g4 Nf2+ 55. Kg2 Nd3 56. Rf5+ Kg7 57. Kg3 Bd6+ 58. Kh4 Be7+ 59. Kg3 Bd6+ 60.
Kh4 Ne5 61. g5 Nf7 62. h6+ Kg6 63. Rd5 Bf4 64. Kg4 Bxg5 65. f4 Re4 66. Rf5 Bxh6
67. Ra5 Rxf4+ 68. Kg3 Rf5 69. Ra6+ Rf6 70. Ra3 Bf4+ 71. Kg4 Bg5 72. Rf3 Re6 73.
Kg3 Re4 74. Ra3 Ne5 75. Ra6+ Kf5 76. Ra3 Re3+ 77. Kg2 Rxa3 0-1

[Event "Titled Tue 3rd Jan Late"]
[Site "chess.com INT"]
[Date "2025.06.03"]
[Round "4"]
[White "Dobre, Claudiu-Cristian"]
[Black "Atkeson, Christopher Timothy"]
[Result "1-0"]
[WhiteTitle "IM"]
[WhiteElo "2265"]
[BlackElo "2031"]
[WhiteFideId "1211854"]
[BlackFideId "39956547"]
[EventDate "2025.06.03"]

1. d4 Nf6 2. Nf3 d6 3. c4 Nbd7 4. Nc3 c5 5. e4 e5 6. dxe5 dxe5 7. Bg5 Be7 8. Bd3
O-O 9. Bc2 Re8 10. O-O Qc7 11. Ba4 a6 12. Bxf6 Bxf6 13. Nd5 Qd8 14. Bxd7 Qxd7
15. Nxf6+ gxf6 16. Qc1 Qg4 17. Qh6 Qg6 18. Qh4 Be6 19. b3 Red8 20. Rad1 b5 21.
Nxe5 Qg5 22. Qxg5+ fxg5 23. f3 f6 24. Ng4 Kf7 25. Ne3 bxc4 26. bxc4 Rab8 27. Nd5
Rb2 28. Rf2 Rdb8 29. Rfd2 a5 30. Kf2 a4 31. Ke3 a3 32. Kd3 f5 33. Kc3 fxe4 34.
fxe4 Bg4 35. Re1 Rxd2 36. Kxd2 Rb2+ 37. Kc3 Rxa2 38. e5 Rxg2 39. Ne3 Re2 40.
Rf1+ Ke6 41. Nxg4 a2 42. Rf6+ Ke7 43. Ra6 Re4 44. Nf6 Rxe5 45. Nd5+ Kd8 46. Rxa2
h5 47. Ra5 Re2 48. h4 g4 49. Rxc5 g3 50. Nf4 Rf2 51. Nxh5 g2 52. Rg5 Ke7 53. Kd3
Ke6 54. Ke3 Rc2 55. Nf4+ Kf6 56. Rxg2 Rxc4 57. Kf3 Rc3+ 58. Kg4 Rc4 59. Ra2 Rc1
60. Ra6+ Kg7 61. h5 Rg1+ 62. Kf5 Kh7 63. Rg6 Rh1 64. Kf6 Rh2 65. Rg5 Rf2 66. Rf5
Kh6 67. Ke5 Rh2 68. Ke4 Rh1 69. Kf3 Rf1+ 70. Kg2 Ra1 71. Kg3 Ra3+ 72. Kg4 Ra1
73. Rf6+ Kh7 74. Ne6 Rg1+ 75. Kh4 Rh1+ 76. Kg4 Rg1+ 77. Kf5 Rf1+ 78. Nf4 Rh1 79.
Kg5 Rg1+ 80. Kf5 Rh1 81. Rb6 Rf1 82. Kg4 Rg1+ 83. Kh4 Rf1 84. Nh3 Rf5 85. h6 Ra5
86. Ng5+ Kh8 87. Kh5 Kg8 88. Kg6 1-0

[Event "Titled Tue 3rd Jan Late"]
[Site "chess.com INT"]
[Date "2025.06.03"]
[Round "4"]
[White "Noroozi, Omid"]
[Black "Hamedi Nia, Vesal"]
[Result "0-1"]
[WhiteTitle "IM"]
[BlackTitle "WIM"]
[WhiteElo "2266"]
[BlackElo "2010"]
[WhiteFideId "12501190"]
[BlackFideId "12542253"]
[EventDate "2025.06.03"]

1. c4 e6 2. Nc3 d5 3. d4 Nf6 4. cxd5 exd5 5. Bg5 c6 6. e3 Be7 7. Bd3 O-O 8. Nge2
Bg4 9. O-O Nbd7 10. Qc2 Re8 11. f3 Bh5 12. h3 Bg6 13. Rae1 a5 14. Nf4 b5 15.
Nxg6 hxg6 16. e4 b4 17. Na4 Rc8 18. e5 Nh5 19. e6 Nf8 20. exf7+ Kxf7 21. f4 Nf6
22. f5 gxf5 23. Bxf5 Rc7 24. Bg4 Kg8 25. Bf5 Kf7 26. Nc5 Bxc5 27. Qxc5 Rce7 28.
Rxe7+ Rxe7 29. Qxc6 Ne6 30. Bh4 Nxd4 31. Qc8 Qxc8 32. Bxc8 Ne2+ 33. Kh2 d4 34.
Bf5 Re3 35. Bf2 Re5 36. Bd3 Nf4 37. Bc4+ Kg6 38. Bxd4 Re4 39. Bxf6 Rxc4 40. Be5
Nd3 41. Bg3 Nxb2 42. Re1 Nd3 43. Re6+ Kf7 44. Ra6 Rc5 45. Ra7+ Kg6 46. h4 Rd5
47. Kh3 Ne5 48. Bxe5 Rxe5 49. g3 Kf6 50. Kg4 Re4+ 51. Kf3 Re5 52. g4 g6 53. Kf4
Rc5 54. Ra6+ Kg7 55. Ra8 Rc4+ 56. Kg3 Rc3+ 57. Kf4 Rc4+ 58. Ke5 Rxg4 59. Ra7+
Kh6 60. Kf6 Rf4+ 61. Ke6 Rxh4 62. Rxa5 Rh2 63. Kf7 Rf2+ 64. Ke7 Rd2 65. Kf8 Rf2+
66. Ke7 g5 67. Ke6 Kh5 68. Ra8 Kg4 69. Rh8 Rxa2 70. Kf6 b3 71. Rg8 Ra6+ 72. Ke5
b2 73. Rb8 Ra5+ 74. Kd4 Ra2 75. Kc3 Kf3 76. Kc2 g4 77. Kb1 Ra4 78. Rb3+ Kf2 79.
Rxb2+ Kf1 80. Rb5 g3 81. Rg5 g2 82. Kc2 Rf4 83. Kd2 g1=Q 84. Rxg1+ Kxg1 85. Ke3
Rf1 86. Ke4 Kg2 87. Ke3 Kg3 0-1

[Event "Titled Tue 3rd Jan Late"]
[Site "chess.com INT"]
[Date "2025.06.03"]
[Round "4"]
[White "Grigorjev, Iljya"]
[Black "Bortnyk, Olexandr"]
[Result "1-0"]
[WhiteTitle "IM"]
[BlackTitle "GM"]
[WhiteElo "2433"]
[BlackElo "2601"]
[WhiteFideId "24159565"]
[BlackFideId "14120828"]
[EventDate "2025.06.03"]

1. e4 Nf6 2. d3 d5 3. exd5 Nxd5 4. Nf3 Nc6 5. d4 Bg4 6. Be2 e6 7. O-O Bd6 8. h3
Bh5 9. c4 Nf6 10. Be3 O-O 11. Nc3 Re8 12. Qd2 h6 13. a3 a6 14. b4 Bg6 15. Rfe1
Ne4 16. Nxe4 Bxe4 17. Nh2 e5 18. d5 Nd4 19. Bxd4 exd4 20. Bd3 Bxh2+ 21. Kxh2
Bxd3 22. Rxe8+ Qxe8 23. Qxd3 Qe5+ 24. g3 c6 25. Rd1 cxd5 26. Qxd4 Qxd4 27. Rxd4
dxc4 28. Rxc4 Rd8 29. Rc7 Rd3 30. a4 b5 31. axb5 axb5 32. Rc8+ Kh7 33. Rc5 Rb3
34. Rxb5 Kg6 35. Kg2 f5 36. h4 Kf6 37. Rb6+ Ke5 38. Rg6 Rxb4 39. Rxg7 Kf6 40.
Ra7 Kg6 41. Ra6+ Kg7 42. h5 Rc4 43. Rg6+ Kh7 44. Rf6 Rc5 45. Kf3 Kg7 46. Rg6+
Kh7 47. Kf4 Ra5 48. Rf6 Kg7 49. Rxf5 Ra4+ 50. Kf3 Ra3+ 51. Kg4 Ra4+ 52. f4 Ra3
53. Rb5 Rc3 54. Rb7+ Kg8 55. Rb6 Kg7 56. Rg6+ Kh7 57. f5 Rc4+ 58. Kh3 Rc5 59. g4
Rc3+ 60. Kg2 Ra3 61. Re6 Kg7 62. Kf2 Rb3 63. Re3 Rb1 64. Kf3 Rf1+ 65. Kg3 Rg1+
66. Kf4 Rf1+ 67. Rf3 Re1 68. Ra3 Rf1+ 69. Kg3 Rg1+ 70. Kf3 Rf1+ 71. Kg2 Rb1 72.
Ra6 Rb3 73. Rg6+ Kh7 74. Kf2 Ra3 75. Ke2 Rb3 76. Re6 Rg3 77. Re4 Kg7 78. Kf2 Ra3
79. Re3 Ra1 80. Kg3 Rg1+ 81. Kf4 Rf1+ 82. Ke5 Kf7 83. Re4 Rg1 84. Ra4 Re1+ 85.
Kf4 Rf1+ 86. Ke3 Kg7 87. Ra7+ Kf6 88. Ra6+ Kg7 89. Ke4 Rg1 90. Ke5 Re1+ 91. Kd6
Kf6 92. Kd7+ Kg5 93. Rg6+ 1-0

[Event "Titled Tue 3rd Jan Late"]
[Site "chess.com INT"]
[Date "2025.06.03"]
[Round "4"]
[White "Shi, Roger V"]
[Black "Sindarov, Islombek"]
[Result "1-0"]
[BlackTitle "CM"]
[WhiteElo "2137"]
[BlackElo "2129"]
[WhiteFideId "30980119"]
[BlackFideId "14205475"]
[EventDate "2025.06.03"]

1. e4 c6 2. d4 g6 3. Nf3 Bg7 4. c3 d6 5. Bd3 Nf6 6. Be3 O-O 7. Nbd2 Nbd7 8. O-O
e5 9. Re1 Qc7 10. Nf1 Rd8 11. Qd2 Nf8 12. Bg5 Ne6 13. Bh4 Nf4 14. Bc2 Bg4 15.
Qe3 Re8 16. dxe5 dxe5 17. Bg3 Bh6 18. Qc5 Bxf3 19. gxf3 N6h5 20. Bb3 Nd3 21. Qc4
Nxe1 22. Rxe1 Rad8 23. Ne3 b5 24. Qe2 Nf4 25. Qc2 Qc8 26. Ng4 Bg7 27. c4 b4 28.
c5 h5 29. Ne3 Rd4 30. Bxf4 exf4 31. Nc4 Qh3 32. Nd6 Re7 33. Qe2 Be5 34. Nc4 g5
35. Kh1 g4 36. Rg1 Kf8 37. Nxe5 Rxe5 38. fxg4 f3 39. Qe3 hxg4 40. Qxd4 Rh5 41.
Qd6+ Kg7 42. Qg3 Kf6 43. Qxh3 gxh3 44. Rg3 Ke5 45. Rxf3 Kxe4 46. Re3+ Kf4 47.
Bxf7 Rxc5 48. Rxh3 Rc2 49. Rh4+ Kf3 50. Bh5+ Kxf2 51. Rf4+ Ke3 52. Rxb4 Kf2 53.
Rf4+ Ke3 54. Rf3+ Ke4 55. Rb3 c5 56. Bf3+ Kf4 57. Kg1 c4 58. Ra3 Rxb2 59. Bd5
Rc2 60. Ra4 Rc1+ 61. Kg2 Rc2+ 62. Kh3 Rc3+ 63. Kh4 Ke5 64. Rxc4 Ra3 65. Bg8 a5
66. Rc2 Kf6 67. Rg2 Ra4+ 68. Kh3 Ra3+ 69. Kg4 Ra4+ 70. Kf3 Rb4 71. Bb3 a4 72.
Bd1 Ke5 73. Rg4 Rb2 74. Rxa4 Rxh2 75. Re4+ Kd5 76. Re2 Rh3+ 77. Kf2 Ra3 78. Ke1
Kc5 79. Bb3 Ra7 80. Kd2 Rd7+ 81. Kc2 Kb4 82. Rd2 Rc7+ 83. Kb2 Rh7 84. a3+ Kb5
85. Bc2 Rh4 86. Kb3 Rh3+ 87. Rd3 Rh2 88. a4+ Ka5 89. Rd5+ Kb6 90. Bd3 Rh3 91.
Kb4 Rh4+ 92. Bc4 Rh1 93. a5+ Ka7 94. a6 Rb1+ 95. Kc5 Kb8 96. Rd7 Ra1 97. Kb6
Rb1+ 98. Bb5 Kc8 99. Rh7 Kd8 100. a7 Ra1 101. a8=Q+ 1-0

[Event "Titled Tue 3rd Jan Late"]
[Site "chess.com INT"]
[Date "2025.06.03"]
[Round "4"]
[White "Brozynski, Patryk"]
[Black "Moosavifar, Seyed Abolfazl"]
[Result "0-1"]
[WhiteTitle "CM"]
[BlackTitle "FM"]
[WhiteElo "2219"]
[BlackElo "2303"]
[WhiteFideId "2512700"]
[BlackFideId "42548195"]
[EventDate "2025.06.03"]

1. d4 d5 2. Nf3 e6 3. g3 Nf6 4. Bg2 c5 5. c3 Nc6 6. O-O Bd6 7. Re1 O-O 8. Nbd2
e5 9. dxe5 Nxe5 10. Nxe5 Bxe5 11. e4 Bg4 12. Qc2 d4 13. Nc4 Bc7 14. e5 Nd5 15.
Qe4 Be6 16. cxd4 cxd4 17. Qxd4 Nb4 18. Qc3 Nd5 19. Qa3 b5 20. Ne3 Nxe3 21. Bxe3
Rc8 22. Rad1 Qe8 23. Bc5 Ba5 24. b4 Rxc5 25. bxc5 Bxe1 26. Rxe1 Qe7 27. Qb4 Rc8
28. Qxb5 Rxc5 29. Qb8+ Rc8 30. Qb2 Qc7 31. Rd1 h6 32. h4 Qc5 33. Be4 Qc7 34. Qd4
Rb8 35. a3 Qc8 36. Qd6 a6 37. Kh2 h5 38. Bf3 g6 39. Qe7 Rb2 40. Kg1 Rb8 41. Be4
Qf8 42. Qc7 Qe8 43. Bc6 Qc8 44. Qxc8+ Rxc8 45. Bb7 Rc3 46. Bxa6 Rxa3 47. Be2 Ra5
48. f4 Ra3 49. Kf2 Ra2 50. Kf1 Kg7 51. Rc1 Ra3 52. Kf2 Ra2 53. Kf1 Bd5 54. Rd1
Be6 55. Kf2 Kf8 56. Kf1 Ke7 57. Rd4 Ra1+ 58. Kf2 Ra2 59. Kf1 Bh3+ 60. Ke1 Rb2
61. Rd2 Rb1+ 62. Kf2 Rb3 63. Bf3 Be6 64. Rc2 Kd7 65. Rd2+ Kc7 66. Rc2+ Kd8 67.
Rd2+ Ke7 68. Bg2 Rb5 69. Rc2 Kd8 70. Rd2+ Kc7 71. Rc2+ Kb6 72. Rc6+ Ka5 73. Rc2
Rb4 74. Bf3 Rd4 75. Ke3 Rd8 76. Be4 Kb4 77. Rb2+ Kc3 78. Rc2+ Kb3 79. Rc7 Kb4
80. Rb7+ Kc5 81. Rc7+ Kb6 82. Rc1 Kb5 83. Bd3+ Kb4 84. Be4 Kb3 85. Rf1 Rc8 86.
f5 Rc3+ 87. Kf4 gxf5 88. Bxf5 Bxf5 89. Kxf5 Rxg3 90. Kf6 Re3 91. Rf5 Re4 92.
Rxh5 Rf4+ 93. Ke7 Kc4 94. Rh7 Kd5 95. e6 fxe6 96. Rh5+ e5 97. Ke8 Kd4 98. Ke7 e4
99. Rh8 e3 100. Rd8+ Ke4 101. h5 e2 0-1

[Event "Titled Tue 3rd Jan Late"]
[Site "chess.com INT"]
[Date "2025.06.03"]
[Round "5"]
[White "Mizzi, Jack"]
[Black "Mafra, Kaiser Luiz"]
[Result "1-0"]
[WhiteTitle "CM"]
[BlackTitle "CM"]
[WhiteElo "2086"]
[BlackElo "2094"]
[WhiteFideId "5602521"]
[BlackFideId "2106698"]
[EventDate "2025.06.03"]

1. d4 Nf6 2. c4 g6 3. Nf3 Bg7 4. g3 O-O 5. Bg2 d6 6. O-O c5 7. Nc3 Nc6 8. d5 Nb4
9. h3 e5 10. dxe6 fxe6 11. a3 Nc6 12. Bf4 e5 13. Bg5 Be6 14. Nd2 h6 15. Bxf6
Qxf6 16. Nde4 Qe7 17. Qxd6 Qxd6 18. Nxd6 Bxc4 19. Nxc4 1-0

[Event "Titled Tue 3rd Jan Late"]
[Site "chess.com INT"]
[Date "2025.06.03"]
[Round "5"]
[White "Raptis, Nick"]
[Black "Maglioni, Leonardo"]
[Result "1-0"]
[WhiteTitle "FM"]
[WhiteElo "2220"]
[BlackElo "2069"]
[WhiteFideId "2016850"]
[BlackFideId "2896830"]
[EventDate "2025.06.03"]

1. d4 Nf6 2. Nc3 g6 3. e4 d6 4. Bg5 Bg7 5. e5 dxe5 6. dxe5 Qxd1+ 7. Rxd1 Ng4 8.
h3 Nxe5 9. Nd5 O-O 10. Nxc7 Bf5 11. Nxa8 Bxc2 12. Rd2 Ba4 13. Bxe7 Re8 14. Rd8
Nbc6 15. Rxe8+ 1-0